000 01044cam a22002411 4500
001 000004360
005 20200929151430.0
008 720418s1961 sp 000 f spa
040 _aDO-SdBNP
_bspa
_cBNPHU
082 _a823.914
_bS534t
100 1 _aShaw, Irwin,
_d1913-1984.
_912848
240 1 0 _aTip on a dead jockey
_lEspañol
245 1 0 _aApuesta por un jockey muerto :
_bnovelas /
_cIrwin Shaw ; traducción del inglés por Juan G. de Luaces.
260 _aBarcelona :
_bPlaneta,
_c1961.
300 _a316 p. ;
_c20 cm.
490 1 _aGoliat
505 2 _aApuesta por un jockey muerto --
_tUna historia maligna --
_tAl estilo Francés --
_tPedro Segundo --
_tLa edad de la razón --
_tEl beso en Croton Falls --
_tEl beso en Croton Falls --
_tCuando éramos tres --
_tLas soledas orillas del Leteo --
_tLa boda de un amigo --
_tViaje de ida y vuelta.
650 4 _aNovela inglesa
_91071
650 4 _aLiteratura inglesa
_9498
700 1 2 _aLuaces, Juan G. de,
_etr.
_912849
830 0 _aGoliat
_94949
910 _aValidado. Control de calidad MFF
999 _c4169
_d4169